Entre la ciudad sí y la ciudad no / (Record no. 61493)

MARC details
000 -LEADER
campo de control de longitud fija 00664nam a2200193 i 4500
001 - NÚMERO DE CONTROL
campo de control 61493
003 - IDENTIFICADOR DE NÚMERO DE CONTROL
campo de control ES-MaACL
005 - FECHA Y HORA DE LA ÚLTIMA TRANSACCIÓN
campo de control 20240416102836.0
007 - CAMPO FIJO DE DESCRIPCIÓN FÍSICA--INFORMACIÓN GENERAL
campo de control de longitud fija t|
008 - DATOS DE LONGITUD FIJA--INFORMACIÓN GENERAL
campo de control de longitud fija 031112s1968 sp ||||1| spa d
100 1# - ENTRADA PRINCIPAL--NOMBRE DE PERSONA
Nombre de persona Evtushenko, Evgueniï Aleksandrovich.
9 (RLIN) 48409
245 10 - MENCIÓN DEL TÍTULO
Título Entre la ciudad sí y la ciudad no /
Mención de responsabilidad, etc. Evgueni Evtuchenko ; versión de Jesús López Pacheco sobre la traducción directa de Natalia Ivanova.
260 ## - PUBLICACIÓN, DISTRIBUCIÓN, ETC.
Lugar de publicación, distribución, etc. Madrid :
Nombre del editor, distribuidor, etc. Alianza,
Fecha de publicación, distribución, etc. [1968]
300 ## - DESCRIPCIÓN FÍSICA
Extensión 182 p. ;
Dimensiones 18 cm.
700 1# - ENTRADA AGREGADA--NOMBRE PERSONAL
Nombre de persona López Pacheco, Jesús,
Fechas asociadas al nombre 1930-1997
9 (RLIN) 73855
700 1# - ENTRADA AGREGADA--NOMBRE PERSONAL
Nombre de persona Ivanova, Natalia.
9 (RLIN) 65659
852 ## - LOCALIZACIÓN
Ubicación ES-MaACL
Número de control de estantería G-7386
Sublocalización o colección R.65629
Holdings
Estatus retirado Estado de pérdida Estado de daño No para préstamo Biblioteca de origen Biblioteca actual Ubicación en estantería Fecha de adquisición Fuente de adquisición Total de préstamos Signatura topográfica completa Código de barras Visto por última vez Precio de reemplazo Tipo de ítem Koha
        Biblioteca del Ateneo de Madrid Biblioteca del Ateneo de Madrid Depósito 2 17/01/2008     G-7386 1064478 23/02/2023 23/02/2023 Libro impreso